Countries with documented Ebola outbreaks - Statistics

General Stats
  • This quiz has been taken 471 times
    26 since last reset
  • The average score is 14 of 19
Answer Stats
Answer % Correct
Democratic Republic of the Congo
96%
Guinea
88%
Liberia
88%
Nigeria
88%
Gabon
83%
Republic of the Congo
83%
Ivory Coast
79%
Senegal
79%
Sierra Leone
79%
Uganda
79%
United Kingdom
79%
United States
79%
Mali
75%
Sudan
75%
South Africa
54%
Spain
54%
Italy
50%
Russia
38%
Philippines
25%
No matching quizzes found
Score Distribution
Percent of People with Each Score
Percentile by Number Answered
Your Score History
You have not taken this quiz since the last reset